000 00543nam a2200217Ia 4500
003 OSt
005 20220924133719.0
006 a|||||r|||| 00| 0
007 ta
008 220923b |||||||| |||| 00| 0 snd d
024 _a268258
037 _cTextual
040 _aARTS
_cARTS
_bsnd
041 _2snd
_asnd
082 _aQ8441:33, 1593J9
100 _aGuru Nanak Sahib
_9207162
245 0 _aJeewan yatra
260 _c1959
942 _hQ8441:33, 1593J9
_cTEXL
_2CC
999 _c434899
_d434899